000 01183nam a2200229Ia 4500
001 L262-19181
003 IT-CnALBA
008 170116s9999||||xx |||||||||||||| ||und||
040 _aIT-CnALBA
_cIT-CnALBA
041 _aITALIANO
100 _aPIO XI, PAPA RATTI
245 0 _aIL MATRIMONIO. INSEGNAMENTI PONTIFICI. N. I.
250 _a1a ed.
260 _aCINISELLO BALSAMO (MI)
_bEDIZIONI PAOLINE
_c1957 [1° Ed.:1957]
300 _a540 p.
500 _aINDICE ALFABETICO DELLE MATERIE. ORIGINE E ISTITUZIONE. IDEA DIVINA DEL MATRIMONIO. CORRUZIONE. RITORNO ALL'IDEA DIVINA E MATRIMONIO SACRAMENTO. INDICE DEI DOCUMENTI E FONTI. TESTI DI BENEDETTO XV. PIO X. LEONE XIII. PIO IX. GREGORIO XVI. PIO VIII. PIO VI
501 _aSocietà San Paolo EM - Piazza San Paolo, 14 - 12051 ALBA (CN) (non commercial uses only) ® Copyright 2017
520 _aINDICE ALFABETICO DELLE MATERIE. ORIGINE E ISTITUZIONE. IDEA DIVINA DEL MATRIMONIO. CORRUZIONE. RITORNO ALL'IDEA DIVINA E MATRIMONIO SACRAMENTO. INDICE DEI DOCUMENTI E FONTI. TESTI DI BENEDETTO XV. PIO X. LEONE XIII. PIO IX. GREGORIO XVI. PIO VIII. PIO VI
650 _aECCLESIOLOGIA
942 _cBK
957 _71
999 _a23920
_bNO
_g Copie: 1
_c278302
_d278302